[Event "DRUZYNOWE MISTRZOSTWA POLSKI 2014 - SYGNITY EKSTRALIGA"]
[Site "Gorzow Wlkp, Wroclaw, Katowice"]
[Date "2014-00-00"]
[Round "2.18"]
[White "Jaracz, Barbara"]
[Black "Lach, Aleksandra"]
[Result "1/2-1/2"]
[WhiteTitle "WGM"]
[BlackTitle "WFM"]
[WhiteElo "2253"]
[BlackElo "2208"]

1. e4 d6 2. d4 Nf6 3. Nc3 c6 4. h3 Qb6 5. Nf3 e6 6. Bd3 Nbd7 7. O-O e5 8. Ne2 g6
9. c3 Bg7 10. Be3 Qc7 11. Qd2 O-O 12. Bh6 Re8 13. Ng3 Nf8 14. Rad1 Be6 15. Bxg7
Kxg7 16. Nh4 h6 17. f4 exf4 18. Qxf4 N8h7 19. c4 Qb6 20. Qf2 Rad8 21. b3 Re7 22.
Kh1 Bc8 23. Qb2 Kg8 24. d5 Re5 25. Nf3 Re7 26. Qd2 Kg7 27. Bc2 c5 28. Qc3 Rde8
29. Rde1 Qb4 30. Qb2 Re5 31. a3 Qb6 32. Nxe5 Rxe5 33. Qc3 Qd8 34. Re2 Qe7 35.
Ref2 a6 36. b4 b6 37. Rf3 Bd7 38. R3f2 Be8 39. bxc5 bxc5 40. Bd3 Kg8 41. Qd2 Nh5
42. Nxh5 Rxh5 43. Be2 Rg5 44. Bd3 Rh5 45. Be2 Rg5 46. Bd3 Rh5 1/2-1/2

[Event "DRUZYNOWE MISTRZOSTWA POLSKI 2014 - SYGNITY EKSTRALIGA"]
[Site "Gorzow Wlkp, Wroclaw, Katowice"]
[Date "2014-00-00"]
[Round "2.21"]
[White "Dragun, Kamil"]
[Black "Gajewski, Grzegorz"]
[Result "0-1"]
[WhiteTitle "GM"]
[BlackTitle "GM"]
[WhiteElo "2546"]
[BlackElo "2643"]

1. d4 Nf6 2. c4 e6 3. Nf3 d5 4. Nc3 Bb4 5. Qa4+ Nc6 6. Bg5 h6 7. Bxf6 Qxf6 8. e3
O-O 9. Be2 dxc4 10. Bxc4 Bd6 11. Qc2 e5 12. Nd5 Qd8 13. dxe5 Nxe5 14. Nxe5 Bxe5
15. O-O-O c6 16. Nc3 Qe7 17. Qe4 Qf6 18. Qc2 b5 19. Ne4 Qe7 20. Bd3 Be6 21. Kb1
Bd5 22. f4 Bc7 23. Nc3 Be6 24. Ne2 c5 25. Bxb5 Rab8 26. Bd3 Rb4 27. f5 Bd7 28.
Nc3 Rfb8 29. b3 Bc6 30. f6 Qe5 31. Ne2 a5 32. Nc1 a4 33. Rhf1 axb3 34. axb3 Ra4
35. Na2 Bd5 36. Bh7+ Kh8 37. fxg7+ Kxg7 38. Rd3 Rxa2 39. Qxa2 Kxh7 0-1

[Event "DRUZYNOWE MISTRZOSTWA POLSKI 2014 - SYGNITY EKSTRALIGA"]
[Site "Gorzow Wlkp, Wroclaw, Katowice"]
[Date "2014-00-00"]
[Round "2.22"]
[White "Socko, Bartosz"]
[Black "Kanarek, Marcel"]
[Result "1-0"]
[WhiteTitle "GM"]
[BlackTitle "IM"]
[WhiteElo "2611"]
[BlackElo "2479"]

1. d4 Nf6 2. c4 g6 3. Nf3 Bg7 4. g3 O-O 5. Bg2 d6 6. O-O Nc6 7. Nc3 Bg4 8. h3 Bxf3
9. Bxf3 Nd7 10. e3 e5 11. dxe5 Ndxe5 12. Be2 a5 13. Bd2 Nd7 14. Na4 Re8 15. Bc3
Nf6 16. Bf3 Qc8 17. Bg2 Ne4 18. Bxg7 Kxg7 19. Rc1 Qf5 20. Nc3 Nxc3 21. Rxc3 Qc5
22. Rb3 Nd8 23. Qd3 c6 24. Rd1 a4 25. Ra3 Ne6 26. Qc2 Qb4 27. Qc3+ Qxc3 28. Rxc3
Red8 29. Rcd3 a3 30. b3 Nc5 31. R3d2 Kf8 32. b4 Ne6 33. Rxd6 Rxd6 34. Rxd6 Ra4
35. b5 Ke7 36. Rd3 Nc5 37. Rc3 Kd6 38. Kf1 Nd7 39. Ke1 Kc5 40. Kd1 Nb6 41. bxc6
bxc6 42. Bf1 Rb4 43. Rxa3 Rb1+ 44. Ke2 Nxc4 45. Ra7 h5 46. g4 hxg4 47. hxg4 Ne5
48. Bh3 g5 49. f4 Rb2+ 50. Kf1 Nc4 51. fxg5 Nd2+ 52. Kg2 Ne4+ 53. Kf3 Nxg5+ 54.
Kg3 Kb6 55. Ra3 Re2 56. Bg2 Rc2 57. Rb3+ Kc7 58. a3 c5 59. Rd3 c4 60. Rd5 Ne6
61. Rf5 c3 62. Rxf7+ Kd6 63. Rf1 Ra2 64. Be4 Ke5 65. Bh7 Rxa3 66. Rc1 Ng5 67.
Bf5 Kd5 68. Kf4 Nh3+ 69. Kf3 Kc4 70. Rh1 Ng5+ 71. Kf4 Nf7 72. Be6+ Kd3 73. Bxf7
Ra4+ 74. Kf3 1-0

[Event "DRUZYNOWE MISTRZOSTWA POLSKI 2014 - SYGNITY EKSTRALIGA"]
[Site "Gorzow Wlkp, Wroclaw, Katowice"]
[Date "2014-00-00"]
[Round "2.23"]
[White "Klim, Kamil"]
[Black "Miton, Kamil"]
[Result "0-1"]
[WhiteTitle "m"]
[BlackTitle "GM"]
[WhiteElo "2316"]
[BlackElo "2593"]

1. d4 d5 2. c4 c6 3. Nf3 Nf6 4. Nc3 a6 5. c5 Bg4 6. Ne5 Be6 7. Qb3 Ra7 8. Bf4 g6
9. e3 Nh5 10. Qa4 Nxf4 11. exf4 f6 12. Nf3 Bg4 13. Be2 Bh6 14. g3 O-O 15. O-O
Nd7 16. Rfe1 Bxf3 17. Bxf3 e5 18. fxe5 fxe5 19. Bg4 exd4 20. Be6+ Kh8 21. Nxd5
Bg7 22. Bxd7 Qxd7 23. Nf4 Raa8 24. Qc4 Rae8 25. Rad1 Qf5 26. Nd3 h5 27. h4 Qg4
28. Qc2 g5 29. hxg5 h4 30. Kh2 Rxe1 31. Rxe1 Rf3 32. Re8+ Bf8 33. Ne5 hxg3+ 34.
Kg2 gxf2+ 0-1

[Event "DRUZYNOWE MISTRZOSTWA POLSKI 2014 - SYGNITY EKSTRALIGA"]
[Site "Gorzow Wlkp, Wroclaw, Katowice"]
[Date "2014-00-00"]
[Round "2.24"]
[White "Socko, Monika"]
[Black "Wisniowska, Klaudia"]
[Result "1-0"]
[WhiteTitle "GM"]
[BlackTitle "WFM"]
[WhiteElo "2460"]
[BlackElo "2198"]

1. d4 Nf6 2. c4 g6 3. Nc3 Bg7 4. e4 d6 5. Nf3 O-O 6. Be2 e5 7. Be3 exd4 8. Nxd4
Re8 9. f3 c6 10. Bf2 d5 11. exd5 cxd5 12. O-O Nc6 13. c5 Re5 14. Qd2 Qf8 15. Ncb5
Bd7 16. Rae1 Rae8 17. Nd6 R8e7 18. Nxb7 Bh6 19. Qd1 Qb8 20. Nxc6 Bxc6 21. Na5
Be8 22. Nb3 Nh5 23. Ba6 Nf4 24. Bg3 Bb5 25. Bxb5 Qxb5 26. Kh1 Rxe1 27. Rxe1 Rxe1+
28. Qxe1 Ne6 29. Bf2 Bf8 30. Qc1 Qc6 31. Kg1 Bg7 32. Qd2 Be5 33. g3 Bf6 34. Nd4
Qa4 35. Nxe6 fxe6 36. b3 Qb5 37. Qf4 Bg7 38. Qd6 Qe2 39. c6 Bf8 40. Qd8 Qd1+ 41.
Kg2 1-0

[Event "DRUZYNOWE MISTRZOSTWA POLSKI 2014 - SYGNITY EKSTRALIGA"]
[Site "Gorzow Wlkp, Wroclaw, Katowice"]
[Date "2014-00-00"]
[Round "2.25"]
[White "Dziuba, Marcin"]
[Black "Klekowski, Maciej"]
[Result "1-0"]
[WhiteTitle "GM"]
[BlackTitle "m"]
[WhiteElo "2567"]
[BlackElo "2425"]

1. d4 Nf6 2. c4 e6 3. g3 d5 4. Nf3 Be7 5. Bg2 O-O 6. O-O dxc4 7. Qa4 a6 8. Qxc4
b5 9. Qc2 Bb7 10. Bg5 Nbd7 11. Bxf6 Nxf6 12. Nbd2 Rc8 13. Nb3 Be4 14. Qc1 c5 15.
dxc5 Qd5 16. Rd1 Qh5 17. Qf4 Bc2 18. Rdc1 Bxb3 19. axb3 Bxc5 20. e3 Qd5 21. Nd4
Qd7 22. Rd1 Bxd4 23. Rxd4 Qe7 24. Rd2 e5 25. Qf5 a5 26. Rad1 g6 27. Qd3 Rc5 28.
h3 Kg7 29. g4 h6 30. Qd6 Qxd6 31. Rxd6 Rc2 32. Rb6 Rxb2 33. Rxb5 e4 34. Bf1 Rc8
35. Bc4 Rc7 36. Rxa5 Nd7 37. Rda1 g5 38. Kf1 Kf6 39. Rf5+ Kg6 40. Bxf7+ Kg7 41.
Bc4 Nb6 42. Ra6 Nxc4 43. bxc4 Rxc4 44. Ra7+ Kg8 45. Kg2 Rb1 46. Rd5 Rb8 47. Rd6
Re8 48. Rg6+ 1-0

[Event "DRUZYNOWE MISTRZOSTWA POLSKI 2014 - SYGNITY EKSTRALIGA"]
[Site "Gorzow Wlkp, Wroclaw, Katowice"]
[Date "2014-00-00"]
[Round "2.26"]
[White "Matuszewski, Michal"]
[Black "Czarnota, Pawel"]
[Result "1/2-1/2"]
[WhiteTitle "IM"]
[BlackTitle "GM"]
[WhiteElo "2450"]
[BlackElo "2529"]

1. d4 d5 2. c4 c6 3. Nf3 Nf6 4. Qc2 g6 5. Bf4 Bf5 6. Qb3 Qb6 7. e3 Bxb1 8. Rxb1
Nbd7 9. Qa4 Bg7 10. h3 O-O 11. Bd3 Qd8 12. Qa3 Re8 13. O-O Nh5 14. cxd5 Nxf4 15.
dxc6 Nxh3+ 16. gxh3 bxc6 17. Be4 e5 18. Bxc6 Rc8 19. Rbc1 exd4 20. exd4 Re6 21.
Bd5 Rf6 22. Qe3 Nb6 23. Bb3 Rxc1 24. Rxc1 Bh6 25. Qxh6 Rxf3 26. Rc3 Rf5 27. Re3
Rh5 28. Qf4 Rf5 29. Qe4 Qf6 30. Re2 Kg7 31. Qe3 Rf3 32. Qe5 Rxh3 33. Rc2 Qxe5
34. dxe5 Rd3 35. Rc7 Rd7 36. Rxd7 Nxd7 37. e6 fxe6 38. Bxe6 Nc5 39. Bc4 a5 40.
b3 Kf6 41. a3 Ke5 42. b4 axb4 43. axb4 Nd7 44. Kg2 Kf4 45. b5 g5 46. Be6 Ke5 1/2-1/2

[Event "DRUZYNOWE MISTRZOSTWA POLSKI 2014 - SYGNITY EKSTRALIGA"]
[Site "Gorzow Wlkp, Wroclaw, Katowice"]
[Date "2014-00-00"]
[Round "2.27"]
[White "Drozdowski, Kacper"]
[Black "Mikrut, Dariusz"]
[Result "1/2-1/2"]
[WhiteTitle "IM"]
[BlackTitle "IM"]
[WhiteElo "2458"]
[BlackElo "2363"]

1. e4 c5 2. Nf3 d6 3. d4 cxd4 4. Qxd4 Nc6 5. Bb5 Bd7 6. Bxc6 Bxc6 7. Nc3 Nf6 8.
Bg5 e6 9. O-O-O Be7 10. Qd3 Qa5 11. h4 h6 12. Bd2 Qa6 13. Qxa6 bxa6 14. Rhe1 Bb7
15. Re2 Rc8 16. Nd4 Nd7 17. g3 g5 18. hxg5 hxg5 19. Nb3 Ba8 20. Be3 Nb6 21. Ree1
Rg8 22. f4 gxf4 23. gxf4 Rg2 24. Bd4 Rg4 25. Rf1 Bc6 26. Kb1 Rc7 27. Rg1 Rxg1
28. Rxg1 f6 29. Rg7 e5 30. Bxb6 axb6 31. f5 Kf8 32. Rh7 Kg8 33. Rh3 Bf8 34. Rg3+
Rg7 35. Rxg7+ Kxg7 36. Kc1 Kh6 37. Kd2 Kg5 38. Kd3 Kf4 39. Nd2 b5 40. a3 Bh6 41.
b3 Bg5 42. Nd5+ Kg4 43. Ne7 Bb7 44. Nb1 Bc1 45. c4 bxc4+ 46. bxc4 Kf3 47. Nd5
Bxd5 48. cxd5 Be3 49. a4 Bc1 50. Nc3 Bb2 51. Nb1 Bc1 52. Nc3 1/2-1/2

[Event "DRUZYNOWE MISTRZOSTWA POLSKI 2014 - SYGNITY EKSTRALIGA"]
[Site "Gorzow Wlkp, Wroclaw, Katowice"]
[Date "2014-00-00"]
[Round "2.28"]
[White "Brzeski, Maciej"]
[Black "Hera, Imre Jr."]
[Result "0-1"]
[WhiteTitle "m"]
[BlackTitle "GM"]
[WhiteElo "2333"]
[BlackElo "2576"]

1. e4 c5 2. Nf3 e6 3. d4 cxd4 4. Nxd4 a6 5. Bd3 Bc5 6. Nb3 Be7 7. Qg4 g6 8. Nc3
d6 9. Qe2 Nd7 10. f4 Qc7 11. Be3 Ngf6 12. g4 h6 13. O-O-O b5 14. Rhe1 Bb7 15.
h4 b4 16. Nb1 Rc8 17. g5 hxg5 18. hxg5 Nxe4 19. Bd4 Ng3 20. Qf2 Rh3 21. Re3 Nh1
22. Qe1 Rh5 23. N1d2 Rh2 24. Nf3 Rxc2+ 25. Kb1 Nf2 26. Rxe6 fxe6 27. Bxg6+ Kd8
28. Bxf2 Bxf3 29. Nd4 Nf8 30. Bxc2 Bxd1 31. Qxd1 Qb7 32. f5 Rxc2 33. Nxc2 exf5
34. Bc5 a5 35. Bxd6 Qd7 36. Bxe7+ Kxe7 37. Qxd7+ Nxd7 38. Nd4 f4 39. Kc2 Ne5 40.
Kd2 Kf7 41. Ne2 f3 42. Nf4 Nc4+ 43. Ke1 Nxb2 44. Kf2 a4 45. Nd5 b3 46. a3 Nd1+
0-1

[Event "DRUZYNOWE MISTRZOSTWA POLSKI 2014 - SYGNITY EKSTRALIGA"]
[Site "Gorzow Wlkp, Wroclaw, Katowice"]
[Date "2014-00-00"]
[Round "2.29"]
[White "Gajek, Radoslaw"]
[Black "Barski, Radoslaw"]
[Result "1/2-1/2"]
[WhiteTitle "FM"]
[BlackTitle "k++"]
[WhiteElo "2346"]
[BlackElo "2263"]

1. e4 c5 2. Nf3 d6 3. d4 cxd4 4. Nxd4 Nf6 5. f3 Nc6 6. c4 Qb6 7. Nc2 g6 8. Nc3
Bg7 9. Rb1 Ng4 10. Qd2 Bxc3 11. Qxc3 Qf2+ 12. Kd1 e5 13. Bd2 Nd4 14. Nb4 Qh4 15.
fxg4 Bxg4+ 16. Kc1 Be6 17. Nd5 Bxd5 18. exd5 Rc8 19. Qh3 Qd8 20. Qh6 Nf5 21. Qg5
f6 22. Qg4 O-O 23. h4 Nd4 24. h5 g5 25. Be3 Qa5 26. Bxd4 exd4 27. Qe6+ Kh8 28.
Bd3 Qc7 29. Re1 b5 30. Qe7 bxc4 31. Bxh7 Rfe8 32. Qxf6+ Qg7 33. Qxg7+ Kxg7 34.
Be4 Re5 35. h6+ Kh8 36. Kd2 Rce8 37. Bg6 c3+ 38. bxc3 dxc3+ 39. Kc2 Rxe1 40. Bxe8
Rxe8 41. Kxc3 Re3+ 42. Kc4 Re2 43. Rb8+ Kh7 44. Rb7+ Kxh6 45. Rxa7 Rc2+ 46. Kb3
Rc5 47. g4 Rxd5 48. Kc4 Rd1 49. Rd7 Kg6 50. a4 Kf6 51. a5 Ke6 52. Rg7 Kf6 53.
Rg8 Ra1 54. Kb5 d5 55. a6 d4 56. Kb6 Rb1+ 57. Kc5 Ra1 58. Kb5 Rb1+ 59. Kc6 Ra1
60. Kb7 Rb1+ 61. Kc6 Ra1 62. Kb5 Rb1+ 63. Kc4 Ra1 64. Ra8 Ra4+ 65. Kb5 Ra1 66.
Kc4 Ra4+ 67. Kd3 Kf7 68. Ra7+ Kf6 69. Ke4 d3+ 70. Kxd3 Rxg4 71. Ke3 Ra4 72. Kf3
Kf5 73. Ra8 Ra3+ 74. Ke4+ Ke5+ 1/2-1/2

[Event "DRUZYNOWE MISTRZOSTWA POLSKI 2014 - SYGNITY EKSTRALIGA"]
[Site "Gorzow Wlkp, Wroclaw, Katowice"]
[Date "2014-00-00"]
[Round "2.30"]
[White "Kulon, Klaudia"]
[Black "Czarnota, Dorota"]
[Result "1-0"]
[WhiteTitle "WIM"]
[BlackTitle "WIM"]
[WhiteElo "2378"]
[BlackElo "2208"]

1. c4 c6 2. e3 d5 3. b3 Nf6 4. Bb2 Bf5 5. Nf3 e6 6. Be2 h6 7. O-O Nbd7 8. d4 Be7
9. Nbd2 O-O 10. Ne5 Nxe5 11. dxe5 Ne4 12. Nf3 dxc4 13. Bxc4 Qb6 14. Nd4 Bh7 15.
f3 Nc5 16. Qe2 a5 17. a4 Na6 18. f4 Bc5 19. f5 Bxd4 20. Bxd4 c5 21. fxe6 fxe6
22. Bb2 Rxf1+ 23. Rxf1 Rf8 24. Rd1 Nc7 25. Rd6 Qb4 26. Rd7 Rf7 27. Rd8+ Rf8 28.
Qd1 Be4 29. Rxf8+ Kxf8 30. Qd6+ Kg8 31. Kf1 Kh7 32. Ke2 b5 33. axb5 Nxb5 34. Qxe6
Nc3+ 35. Bxc3 Qxc3 36. Qg8+ Kg6 37. Bf7+ Kf5 38. Qh7+ 1-0

[Event "DRUZYNOWE MISTRZOSTWA POLSKI 2014 - SYGNITY EKSTRALIGA"]
[Site "Gorzow Wlkp, Wroclaw, Katowice"]
[Date "2014-00-00"]
[Round "3.1"]
[White "Klekowski, Maciej"]
[Black "Kempinski, Robert"]
[Result "0-1"]
[WhiteTitle "m"]
[BlackTitle "GM"]
[WhiteElo "2425"]
[BlackElo "2620"]

1. c4 Nf6 2. g3 g6 3. Bg2 Bg7 4. Nc3 O-O 5. e3 e5 6. Nge2 c6 7. d4 d6 8. O-O Re8
9. Qc2 a5 10. a3 Na6 11. Rb1 Qe7 12. d5 e4 13. b4 axb4 14. axb4 c5 15. Ba3 cxb4
16. Bxb4 Nxb4 17. Rxb4 h5 18. h3 Qe5 19. Rd1 h4 20. c5 dxc5 21. Rc4 hxg3 22. Nxg3
b6 23. Ncxe4 Ra1 24. Nxf6+ Qxf6 25. Ne4 Qb2 26. Rxa1 Qxa1+ 27. Qc1 Qxc1+ 28. Rxc1
Ba6 29. d6 Bd3 30. Ng5 Bf6 31. Rd1 c4 32. Bc6 Re5 33. Nf3 Rc5 34. Bb7 b5 35. Ne1
Bf5 36. d7 Bd8 37. e4 Bxh3 38. Nc2 c3 39. f4 Be6 40. Ra1 Kf8 41. Bc8 Rc4 42. Re1
Ke7 43. Kf2 Bb6+ 44. Kf3 Bxd7 45. Bxd7 Kxd7 46. Rb1 Kc6 47. Nb4+ Rxb4 0-1

[Event "DRUZYNOWE MISTRZOSTWA POLSKI 2014 - SYGNITY EKSTRALIGA"]
[Site "Gorzow Wlkp, Wroclaw, Katowice"]
[Date "2014-00-00"]
[Round "3.2"]
[White "Markowski, Tomasz"]
[Black "Matuszewski, Michal"]
[Result "1/2-1/2"]
[WhiteTitle "GM"]
[BlackTitle "IM"]
[WhiteElo "2575"]
[BlackElo "2450"]

1. c4 c6 2. Nf3 d5 3. cxd5 cxd5 4. d4 Nc6 5. Nc3 Nf6 6. Bf4 a6 7. Rc1 Bf5 8. e3
e6 9. Be2 h6 10. Qb3 Ra7 11. O-O Be7 12. Ne5 Nxe5 13. Bxe5 O-O 14. Na4 b5 15.
Nc5 Qb6 16. a3 Ne4 17. Nxe4 Bxe4 18. Rc3 Bd6 19. Bxd6 Qxd6 20. Rfc1 Qe7 21. Rc6
Qg5 22. f3 Bf5 23. R1c3 Raa8 24. Qb4 Rfb8 25. Qc5 a5 26. Bxb5 Bh3 27. g3 Qh5 28.
Kf2 e5 29. Rb6 Be6 30. h4 Qf5 31. Bf1 e4 32. f4 Qg4 33. Bg2 Qd1 34. Qb5 Rxb6 35.
Qxb6 a4 36. Qb7 Rd8 37. Qb6 Ra8 38. Qb7 Rd8 39. Qb6 Ra8 1/2-1/2

[Event "DRUZYNOWE MISTRZOSTWA POLSKI 2014 - SYGNITY EKSTRALIGA"]
[Site "Gorzow Wlkp, Wroclaw, Katowice"]
[Date "2014-00-00"]
[Round "3.3"]
[White "Mikrut, Dariusz"]
[Black "Olszewski, Michal"]
[Result "1/2-1/2"]
[WhiteTitle "IM"]
[BlackTitle "GM"]
[WhiteElo "2363"]
[BlackElo "2549"]

1. e4 e5 2. Nf3 Nc6 3. Bc4 Nf6 4. d3 Be7 5. Nc3 O-O 6. a3 d6 7. h3 Kh8 8. O-O Ng8
9. d4 exd4 10. Nxd4 Nxd4 11. Qxd4 f5 12. Nd5 fxe4 13. Qxe4 Bf5 14. Qe2 Bh4 15.
Be3 c6 16. Nf4 d5 17. Bd3 Bxd3 18. Nxd3 Bf6 19. Rfe1 Qd7 20. Rad1 Rae8 21. Qd2
b6 22. c3 Re7 23. Bf4 Rfe8 24. Rxe7 Nxe7 25. Be5 Ng6 26. Bxf6 gxf6 27. Re1 Rxe1+
28. Qxe1 Qf5 29. Qe2 c5 30. f3 Kg7 31. g4 Qd7 32. Qe3 Qd6 33. f4 c4 34. f5 cxd3
35. fxg6 Qc5 36. Kf2 hxg6 37. Kf3 Qd6 38. Kg2 Qe5 39. Qxd3 Kf7 40. Kf3 f5 41.
gxf5 gxf5 42. Qd4 Qe6 43. Kf4 Qh6+ 44. Kxf5 Qxh3+ 45. Ke5 Qe6+ 46. Kf4 Qh6+ 47.
Kf5 Qh5+ 48. Kf4 Ke6 49. b4 Qh4+ 50. Ke3 Qe1+ 51. Kd3 Qd1+ 52. Ke3 Qc1+ 53. Kd3
Qd1+ 54. Ke3 Qg1+ 55. Ke4 Ke5+ 1/2-1/2

[Event "DRUZYNOWE MISTRZOSTWA POLSKI 2014 - SYGNITY EKSTRALIGA"]
[Site "Gorzow Wlkp, Wroclaw, Katowice"]
[Date "2014-00-00"]
[Round "3.4"]
[White "Szelag, Marcin"]
[Black "Brzeski, Maciej"]
[Result "0-1"]
[WhiteTitle "IM"]
[BlackTitle "m"]
[WhiteElo "2456"]
[BlackElo "2333"]

1. e4 c5 2. Nf3 Nc6 3. d4 cxd4 4. Nxd4 g6 5. Nc3 Bg7 6. Be3 Nf6 7. Bc4 d6 8. f3
Qb6 9. Nf5 Qxb2 10. Nxg7+ Kf8 11. Nd5 Nxd5 12. Bxd5 Kxg7 13. O-O Qc3 14. Qc1 h5
15. Rb1 f6 16. Rb3 Qa5 17. Qb2 Qc7 18. f4 h4 19. h3 Rh5 20. Rb5 b6 21. Qc3 Bd7
22. e5 Rc8 23. exf6+ exf6 24. Qb2 Ne7 25. Qxf6+ Kxf6 26. Bd4+ Kf5 27. Re1 Bxb5
28. Be6+ Kxf4 29. Be3+ Ke5 30. Bg5+ Kd4 31. Be3+ Kc3 0-1

[Event "DRUZYNOWE MISTRZOSTWA POLSKI 2014 - SYGNITY EKSTRALIGA"]
[Site "Gorzow Wlkp, Wroclaw, Katowice"]
[Date "2014-00-00"]
[Round "3.5"]
[White "Barski, Radoslaw"]
[Black "Tomczak, Jacek"]
[Result "0-1"]
[WhiteTitle "k++"]
[BlackTitle "GM"]
[WhiteElo "2263"]
[BlackElo "2560"]

1. c4 e5 2. Nc3 Nf6 3. g3 d5 4. cxd5 Nxd5 5. Bg2 Nb6 6. Nf3 Nc6 7. O-O Be7 8. a3
g5 9. d3 g4 10. Nd2 h5 11. b4 h4 12. Nb3 hxg3 13. fxg3 Be6 14. e3 a6 15. Ne4 Bd5
16. Nbc5 Qc8 17. Nc3 Bxg2 18. Kxg2 a5 19. Qb3 Rh7 20. Bb2 axb4 21. axb4 Rxa1 22.
Bxa1 Qd8 23. b5 Na5 24. Qb4 Nac4 25. Re1 Bxc5 26. Qxc5 Qxd3 27. Re2 Qd6 28. Ne4
Qxc5 29. Nxc5 Nd5 30. e4 Nde3+ 31. Kg1 Rh6 32. Nxb7 Rb6 33. Na5 Rxb5 34. Nxc4
Nxc4 35. Bc3 Ke7 36. Kg2 Rb3 37. Be1 Ke6 38. Bf2 Rb2 39. Re1 Nd6 40. Kg1 Rb4 41.
Rc1 Rc4 0-1

[Event "DRUZYNOWE MISTRZOSTWA POLSKI 2014 - SYGNITY EKSTRALIGA"]
[Site "Gorzow Wlkp, Wroclaw, Katowice"]
[Date "2014-00-00"]
[Round "3.6"]
[White "Chlost, Marlena"]
[Black "Kulon, Klaudia"]
[Result "1-0"]
[WhiteTitle "WFM"]
[BlackTitle "WIM"]
[WhiteElo "2188"]
[BlackElo "2378"]

1. e4 c5 2. Nf3 d6 3. d4 cxd4 4. Nxd4 Nf6 5. Nc3 Nc6 6. Bg5 e6 7. Qd2 a6 8. f3
Be7 9. O-O-O Bd7 10. Be3 h5 11. Kb1 Qc7 12. Bg5 Ne5 13. f4 Ng6 14. g3 b5 15. Bg2
b4 16. Nce2 Rb8 17. Rhe1 a5 18. Ng1 a4 19. Ngf3 a3 20. b3 O-O 21. Bh3 Rfc8 22.
f5 exf5 23. Bxf5 Ne5 24. Bxd7 Qxd7 25. Nxe5 dxe5 26. Nf5 Qe6 27. Nxe7+ Qxe7 28.
Rf1 Rc6 29. Bxf6 gxf6 30. Rf3 Rbc8 31. Rc1 Kg7 32. Rd3 R8c7 33. Qe2 f5 34. Qxh5
Rh6 35. Qxf5 Rxh2 36. Rd5 f6 37. g4 Rh4 38. g5 fxg5 39. Rg1 g4 40. Rxe5 Qd8 41.
Rxg4+ Rxg4 42. Qxg4+ Kf8 43. Qf4+ Kg8 44. Rd5 Qc8 45. Qg5+ Kh7 46. Rd6 Qf8 47.
Qh4+ Kg7 48. Qh6+ Kg8 49. Rg6+ 1-0

[Event "DRUZYNOWE MISTRZOSTWA POLSKI 2014 - SYGNITY EKSTRALIGA"]
[Site "Gorzow Wlkp, Wroclaw, Katowice"]
[Date "2014-00-00"]
[Round "3.8"]
[White "Czarnota, Pawel"]
[Black "Navara, David"]
[Result "0-1"]
[WhiteTitle "GM"]
[BlackTitle "GM"]
[WhiteElo "2529"]
[BlackElo "2718"]

1. e4 e5 2. Nf3 Nc6 3. Bb5 Nf6 4. O-O Nxe4 5. Re1 Nd6 6. Nxe5 Be7 7. Bf1 Nf5 8.
Nf3 O-O 9. d4 d5 10. Bf4 Bf6 11. c3 Nce7 12. h3 Ng6 13. Bh2 b6 14. Na3 c5 15.
dxc5 bxc5 16. Nb5 Bb7 17. Qc2 Qd7 18. Rad1 d4 19. Ne5 Bxe5 20. Bxe5 Nfh4 21. cxd4
cxd4 22. Rxd4 Qxh3 23. Re3 Qf5 24. Qc7 Bxg2 25. Bxg2 Rac8 26. Qd6 Rc1+ 27. Kh2
Qxf2 28. Rg3 Nf5 29. Qd5 Nxe5 30. Qxe5 Nxg3 0-1

[Event "DRUZYNOWE MISTRZOSTWA POLSKI 2014 - SYGNITY EKSTRALIGA"]
[Site "Gorzow Wlkp, Wroclaw, Katowice"]
[Date "2014-00-00"]
[Round "3.9"]
[White "Gajewski, Grzegorz"]
[Black "Drozdowski, Kacper"]
[Result "1-0"]
[WhiteTitle "GM"]
[BlackTitle "IM"]
[WhiteElo "2643"]
[BlackElo "2458"]

1. c4 e6 2. d4 d5 3. Nf3 c6 4. e3 f5 5. Bd3 Bd6 6. O-O Nh6 7. b3 O-O 8. Ba3 Bxa3
9. Nxa3 Qe7 10. Nb1 Nd7 11. Qc2 Kh8 12. Nbd2 Nf6 13. Ne5 Bd7 14. b4 Nhg4 15. Ndf3
Nxe5 16. Nxe5 Ng4 17. Nxg4 fxg4 18. Bxh7 Qh4 19. Bd3 Rf6 20. h3 gxh3 21. g3 Qg5
22. Kh2 e5 23. f4 exf4 24. gxf4 Qh5 25. Rg1 Re8 26. Rg3 Re7 27. Rag1 Qe8 28. Rg6
Rxg6 29. Bxg6 Qc8 30. Qe2 Kg8 31. Qh5 Rxe3 32. Bb1 Kf8 33. Qh8+ Ke7 34. Rxg7+
Kd6 35. Qxc8 Bxc8 36. c5+ Ke6 37. Rc7 Bd7 38. Rxb7 a6 39. a4 Be8 40. Rb6 Rb3 41.
Bh7 Rf3 42. Rxa6 Rxf4 43. b5 Rxd4 44. b6 Rb4 45. a5 Ke5 46. Ra7 Bh5 47. Rg7 Bg4
48. Rxg4 Rxg4 49. b7 Rb4 50. a6 Kf4 51. a7 Rb2+ 52. Kh1 1-0

[Event "DRUZYNOWE MISTRZOSTWA POLSKI 2014 - SYGNITY EKSTRALIGA"]
[Site "Gorzow Wlkp, Wroclaw, Katowice"]
[Date "2014-00-00"]
[Round "3.10"]
[White "Hera, Imre Jr."]
[Black "Miton, Kamil"]
[Result "1/2-1/2"]
[WhiteTitle "GM"]
[BlackTitle "GM"]
[WhiteElo "2576"]
[BlackElo "2593"]

1. Nf3 Nf6 2. g3 g6 3. c4 Bg7 4. Bg2 O-O 5. O-O d6 6. d4 Nc6 7. Nc3 Bg4 8. d5 Na5
9. Nd2 c5 10. Qc2 a6 11. h3 Bd7 12. b3 b5 13. Bb2 Rb8 14. Rab1 bxc4 15. bxc4 Qc7
16. e4 Rb4 17. a3 Rb6 18. Ne2 Rfb8 19. Bc3 Rxb1 20. Rxb1 Rxb1+ 21. Qxb1 Ne8 22.
Qb2 Bxc3 23. Qxc3 e5 24. f4 f6 25. Kh2 Nb7 26. h4 Nd8 27. Nc1 Nf7 28. Nd3 h6 29.
Nf1 Qb6 30. Qb2 Qxb2 31. Nxb2 f5 32. Bh3 Nf6 33. exf5 Bxf5 34. Ne3 Bxh3 35. Kxh3
exf4 36. gxf4 h5 37. Kg3 Kg7 38. Kf3 Nh6 39. Na4 Nfg4 40. Ng2 Nf5 41. Nb6 Kf7
42. Na8 Ke7 43. Nb6 Ngh6 44. Na4 Nd4+ 45. Ke4 Nhf5 46. Nb2 Kf6 47. Nd1 Nc2 48.
a4 Ncd4 49. Nc3 Ng3+ 50. Kd3 Ke7 51. Ne4 Nxe4 52. Kxe4 Nf5 53. Kd3 Kf6 54. Ke4
a5 55. Kf3 Ne7 56. Ne3 Nc8 57. Ke4 Nb6 58. Kd3 Nxa4 59. Kc2 Nb6 60. Kb3 a4+ 61.
Ka3 Ke7 62. Kb2 Kf7 63. Ka2 Ke7 64. Kb2 Kf7 65. Ka2 1/2-1/2

[Event "DRUZYNOWE MISTRZOSTWA POLSKI 2014 - SYGNITY EKSTRALIGA"]
[Site "Gorzow Wlkp, Wroclaw, Katowice"]
[Date "2014-00-00"]
[Round "3.11"]
[White "Bulski, Krzysztof"]
[Black "Gajek, Radoslaw"]
[Result "1-0"]
[WhiteTitle "GM"]
[BlackTitle "FM"]
[WhiteElo "2520"]
[BlackElo "2346"]

1. d4 Nf6 2. c4 e6 3. Nc3 Bb4 4. Qc2 d6 5. Nf3 Nbd7 6. a3 Bxc3+ 7. Qxc3 b6 8. b4
Bb7 9. e3 Ne4 10. Qc2 f5 11. Bb2 Qe7 12. Be2 O-O 13. Rd1 f4 14. Bd3 Ng5 15. e4
Nxf3+ 16. gxf3 e5 17. c5 bxc5 18. bxc5 Rab8 19. c6 Bxc6 20. dxe5 Rxb2 21. Qxb2
Nxe5 22. Be2 Qg5 23. Kd2 Bxe4 24. Qb3+ Kh8 25. fxe4 f3+ 26. Qe3 Qh4 27. Bd3 Ng4
28. Qxa7 Nxf2 29. Rhf1 Nxd1 30. Rxf3 Qxh2+ 31. Be2 Re8 32. Kxd1 Qe5 33. Bd3 c5
34. Qf7 h6 35. Qf4 Qa1+ 36. Qc1 Qd4 37. Qc4 Qa1+ 38. Qc1 Qd4 39. Qc4 Qa1+ 40.
Ke2 Qxa3 41. Kf1 Rb8 42. Kg2 Qa1 43. Bc2 Qb2 44. Rf2 Qe5 45. Rf5 Qe8 46. Kh3 Qd7
47. Kg3 Qe7 48. Qf7 Qd8 49. Qg6 Qa5 50. e5 Qe1+ 51. Kg2 Qd2+ 52. Rf2 Qg5+ 53.
Qxg5 hxg5 54. exd6 Rd8 55. d7 g6 56. Rf7 Kg8 57. Bxg6 c4 58. Re7 c3 59. Re8+ Kg7
60. Rxd8 c2 61. Bxc2 g4 62. Re8 g3 63. d8=Q Kf7 64. Qe7# 1-0

[Event "DRUZYNOWE MISTRZOSTWA POLSKI 2014 - SYGNITY EKSTRALIGA"]
[Site "Gorzow Wlkp, Wroclaw, Katowice"]
[Date "2014-00-00"]
[Round "3.12"]
[White "Czarnota, Dorota"]
[Black "Socko, Monika"]
[Result "0-1"]
[WhiteTitle "WIM"]
[BlackTitle "GM"]
[WhiteElo "2208"]
[BlackElo "2460"]

1. Nf3 Nf6 2. c4 g6 3. d4 Bg7 4. Nc3 d6 5. g3 O-O 6. Bg2 Nc6 7. O-O a6 8. d5 Na5
9. Nd2 c5 10. Qc2 Rb8 11. b3 b5 12. Bb2 Bf5 13. e4 Bd7 14. Rab1 e5 15. dxe6 fxe6
16. cxb5 axb5 17. e5 dxe5 18. Nde4 Nxe4 19. Nxe4 c4 20. Rfd1 Qc7 21. bxc4 Nxc4
22. Ba3 Rfc8 23. Bb4 Bc6 24. Rbc1 Bd5 25. Bh3 Qb6 26. Qe2 Rc7 27. Ng5 Bh6 28.
Rxd5 exd5 29. Be6+ Kh8 30. Ba5 Qxa5 31. Rxc4 bxc4 32. Qxe5+ Bg7 0-1

[Event "DRUZYNOWE MISTRZOSTWA POLSKI 2014 - SYGNITY EKSTRALIGA"]
[Site "Gorzow Wlkp, Wroclaw, Katowice"]
[Date "2014-00-00"]
[Round "3.13"]
[White "Maksimenko, Andrei"]
[Black "Kryvoruchko, Yuriy"]
[Result "1/2-1/2"]
[WhiteTitle "GM"]
[BlackTitle "GM"]
[WhiteElo "2493"]
[BlackElo "2710"]

1. d4 Nf6 2. Nf3 e6 3. c4 b6 4. g3 Bb7 5. Bg2 Bb4+ 6. Bd2 c5 7. O-O O-O 8. Bxb4
cxb4 9. a3 bxa3 10. Nxa3 d6 11. b4 Nbd7 12. Nb5 Qb8 13. Qb3 Rc8 14. Nc3 Qc7 15.
Nb5 Qb8 16. Nc3 Qc7 17. Nb5 Qb8 18. Nc3 1/2-1/2

[Event "DRUZYNOWE MISTRZOSTWA POLSKI 2014 - SYGNITY EKSTRALIGA"]
[Site "Gorzow Wlkp, Wroclaw, Katowice"]
[Date "2014-00-00"]
[Round "3.15"]
[White "Antoniewski, Rafal"]
[Black "Dragun, Kamil"]
[Result "1-0"]
[WhiteTitle "GM"]
[BlackTitle "GM"]
[WhiteElo "2552"]
[BlackElo "2546"]

1. e4 c5 2. c3 Nf6 3. e5 Nd5 4. Nf3 Nc6 5. d4 cxd4 6. cxd4 d6 7. Bc4 Nb6 8. Bb5
dxe5 9. Nxe5 Bd7 10. Nxd7 Qxd7 11. Nc3 e6 12. O-O Be7 13. Qg4 O-O 14. Bxc6 bxc6
15. Bh6 Bf6 16. Rfd1 Kh8 17. Ne4 Rg8 18. Bf4 Qd5 19. Nc3 Qa5 20. a3 Nd5 21. b4
Qb6 22. Nxd5 cxd5 23. Be5 Be7 24. Rac1 f6 25. Bc7 Qa6 26. Rc3 f5 27. Qh5 Bd6 28.
b5 1-0